000 01012nam a2200289Ia 4500
003 GCL
008 140319s9999 xx 000 0 ara d
020 _a2936081977
040 _aGCL /
_cGCL
082 0 4 _a327.12
_bف ر
100 1 _aفريد الفالوجى
245 1 0 _aرصاصة الرحمة :
_bاللحظات الأخيرة فى حياة الجواسيس /
_cفريد الفالوجى
250 _aالاولى
260 _aالقاهرة :
_bأطلس للنشر والانتاج الاعلامى ،
_c2004
300 _a256 ص ؛
_c24 سم
650 0 4 _aالمخابرات العسكرية
650 0 4 _aالجواسيس
650 0 4 _aالجاسوسية
650 0 4 _aالقصص الجاسوسية
650 0 4 _aالجواسيس - مصر
650 0 4 _aالجواسيس - العراق
650 0 4 _aالجواسيس - لبنان
650 0 4 _aالجواسيس - سوريا
650 0 4 _aالجواسيس - فرنسا
650 0 4 _aالجواسيس - تركيا
942 _2ddc
_cBK
999 _c9335
_d9335